| 000 | 01387nam2a2200277 4500 | ||
|---|---|---|---|
| 001 | RU\NLR\BIBL_A\010759056 | ||
| 005 | 20250614094422.0 | ||
| 035 | _a(NLR Aleph) 010759056 | ||
| 090 |
_a9973476 _c9973476 |
||
| 100 | _a20150519d1961 |||y0rusy50 ca | ||
| 101 | 0 | _aaze | |
| 102 | _aRU | ||
| 105 | _aa z 000 y | ||
| 200 | 0 |
_aЧ. 2 _e9-ҹү синфи үчүн дәрслик _fИ. С. Галкин, Л. И. Зубок, А. J. Манусевич вә б. _gВ. М. Хвостовун ред илә |
|
| 205 |
_a12-ҹи нәшри _bәсасән дүз. |
||
| 210 |
_d1961 _aБ. м. |
||
| 215 |
_a159,[1] с. _cшәк. |
||
| 461 | 0 |
_1001RU\NLR\BIBL_A\010759054 _12001#$aJени тарих$eорта мәктәб үчүн дәрслик$vЧ. 2 _99973468 _cБакы _d1961 _nАзәртәдриснәшр _oорта мәктәб үчүн дәрслик _tJени тарих _vЧ. 2 |
|
| 701 | 1 |
_4070 _7ca _8rus _aГалкин _bИ. С. _cд-р ист. наук _f1898-1990 _gИлья Саввич _9238730 _3RU\NLR\AUTH\770238786 |
|
| 701 | 1 |
_aЗубок _bЛ. И. _f1894-1967 _4070 |
|
| 701 | 1 |
_aМанусевич _bА. Я. _f1913- _gАлександр Яковлевич _4070 |
|
| 702 | 1 |
_aХвостов _bВ. М. _cисторик _f1905-1972 _gВладимир Михайлович _4340 |
|
| 852 |
_aNLR _bОНЛ _jАзерб./3-6541 |
||
| 942 | _cBOOK | ||
| 980 | _aNB | ||